00222nam a2200097Ia 4500001000800000005001700008008004100025020001800066245002100084260001900105127238120260417151427.0260417s9999 xx 000 0 und d a9786255888747 0aGeçitcMinh Le bKetebe Çocuk